Miasta województwa kujawsko-pomorskiego na mapie według sąsiedztwa - Statystyki

Ogólne statystyki
  • Ten quiz został rozwiązany 14 razy
  • Średni wynik to 38 z 56
Odpowiedzi na mapie
Odpowiedzi zakodowano w zielono-czerwonej skali na mapie do tego quizu, zgodnie z poniższymi procentami.
 
Statystyki odpowiedzi
Miasto % Poprawnych
Aleksandrów Kujawski
100%
Bobrowniki
100%
Bydgoszcz
100%
Chełmża
100%
Ciechocinek
100%
Gniewkowo
100%
Inowrocław
100%
Janikowo
100%
Koronowo
100%
Kruszwica
100%
Łabiszyn
100%
Pakość
100%
Solec Kujawski
100%
Strzelno
100%
Toruń
100%
Brześć Kujawski
91%
Dobrzyń nad Wisłą
91%
Kowal
91%
Włocławek
91%
Grudziądz
82%
Kamień Krajeński
82%
Nowe
82%
Radzyń Chełmiński
82%
Sępólno Krajeńskie
82%
Barcin
73%
Kowalewo Pomorskie
73%
Wąbrzeźno
73%
Więcbork
73%
Brodnica
64%
Gąsawa
64%
Górzno
64%
Nakło nad Notecią
64%
Tuchola
64%
Żnin
64%
Chełmno
55%
Mogilno
55%
Mrocza
55%
Pruszcz
55%
Radziejów
55%
Rypin
55%
Świecie
55%
Szubin
55%
Golub-Dobrzyń
45%
Piotrków Kujawski
45%
Kikół
36%
Lipno
36%
Nieszawa
36%
Skępe
36%
Chodecz
18%
Izbica Kujawska
18%
Jabłonowo Pomorskie
18%
Kcynia
18%
Łasin
18%
Lubień Kujawski
18%
Lubraniec
18%
Janowiec Wielkopolski
9%
Nie znaleziono quizów pasujących do podanych kryteriów
Rozkład punktacji
Procent ludzi z każdym wynikiem
Percentyl według liczby udzielonych odpowiedzi
Twoja historia wyników
Nie rozwiązałeś tego quizu